Opracowanie nowoczesnych metod stosowania w budownictwie lekkich kruszyw glinoporytowych. (Rekord nr 2138)
| 000 -ETYKIETA REKORDU | |
|---|---|
| podpole kontrolne o stałej długości | 01996nam a2200277 i 4500 |
| 001 - NUMER KONTROLNY REKORDU | |
| podpole kontrolne | BPP |
| 003 - IDENTYFIKATOR NUMERU KONTROLNEGO REKORDU | |
| podpole kontrolne | BPK |
| 005 - DATA OSTATNIEJ MODYFIKACJI REKORDU | |
| podpole kontrolne | 20171115115902.0 |
| 008 - POLE O STAŁEJ DŁUGOŚCI - DANE KONTROLNE | |
| podpole kontrolne o stałej długości | 150213s1979 pl f |000 0 pol |
| 040 ## - ŹRÓDŁO KATALOGOWANIA | |
| Instytucja, która utworzyła rekord | BPK |
| 080 ## - UNIWERSALNA KLASYFIKACJA DZIESIĘTNA - UKD | |
| UKD | 691 |
| 100 ## - NAZWA OSOBOWA | |
| Nazwa osobowa | PIĄTEK, Zdzisław. |
| Lata pracy | 1970 - 1996. |
| Instytucja | Wyższa Szkoła Inżynierska w Koszalinie - Instytut Budownictwa Lądowego, |
| Wydział | Zakład Konstrukcji Betonowych |
| 245 ## - TYTUŁ/ODPOWIEDZIALNOŚĆ | |
| Tytuł | Opracowanie nowoczesnych metod stosowania w budownictwie lekkich kruszyw glinoporytowych. |
| Oznaczenie części/sekcji dzieła | Cz. 1, |
| Tytuł części/sekcji dzieła | Badania podstawowe i nieniszczące / |
| Pozostałe elementy strefy tytułu i oznaczenia odpowiedzialności | Zdzisław Piątek, Ewa Bartnik, Waldemar Bierut, Waldemar Borjaniec, Krzysztof Kuncer, Adam Szyszko. |
| 260 ## - STREFA ADRESU WYDAWNICZEGO | |
| Miejsce wydania | Koszalin, |
| Data publikacji, dystrybucji/powstania dokumentu | 1979. |
| 500 ## - UWAGI OGÓLNE | |
| Tekst uwagi | Dane z autopsji. |
| 520 ## - UWAGA DOTYCZĄCA TREŚCI DOKUMENTU | |
| Analiza dokumentacyjna, adnotacja itp. | Opracowanie dotyczy badań własności mechanicznych i reologicznych lekkiego betonu konstrukcyjnego klasy B 15 na kruszywie glinoporytowym bez piasku lub z piaskiem naturalnym oraz zastosowania metod nieniszczących do oceny wytrzymałości na ściskanie lekkiego betonu konstrukcyjnego klasy B 15 na kruszywie glinoporytowym z piaskiem naturalnym. |
| 650 #0 - HASŁO PRZEDMIOTOWE W FORMIE NAZWY OGÓLNEJ LUB JEDNOSTKOWEJ | |
| Nazwa ogólna lub geograficzna | Beton. |
| 650 #0 - HASŁO PRZEDMIOTOWE W FORMIE NAZWY OGÓLNEJ LUB JEDNOSTKOWEJ | |
| Nazwa ogólna lub geograficzna | Kruszywo. |
| 650 #0 - HASŁO PRZEDMIOTOWE W FORMIE NAZWY OGÓLNEJ LUB JEDNOSTKOWEJ | |
| Nazwa ogólna lub geograficzna | Materiały budowlane. |
| 700 ## - HASŁO DODATKOWE - NAZWA OSOBOWA | |
| Nazwa osobowa | BARTNIK, Ewa. |
| Lata pracy | 1975 - 1987. |
| Instytucja | Wyższa Szkoła Inżynierska w Koszalinie - Instytut Budownictwa Lądowego, |
| Wydział | Zakład Konstrukcji Betonowych |
| 700 ## - HASŁO DODATKOWE - NAZWA OSOBOWA | |
| Nazwa osobowa | BIERUT, Waldemar. |
| Lata pracy | 1973 - 1996. |
| Instytucja | Wyższa Szkoła Inżynierska w Koszalinie - Instytut Budownictwa Lądowego, |
| Wydział | Zakład Konstrukcji Betonowych |
| 700 ## - HASŁO DODATKOWE - NAZWA OSOBOWA | |
| Nazwa osobowa | BORJANIEC, Waldemar. |
| Lata pracy | 1974 - 1996. |
| Instytucja | Wyższa Szkoła Inżynierska w Koszalinie - Instytut Budownictwa Lądowego, |
| Wydział | Zakład Konstrukcji Betonowych |
| 700 ## - HASŁO DODATKOWE - NAZWA OSOBOWA | |
| Nazwa osobowa | KUNCER, Krzysztof. |
| Lata pracy | 1973 - 1986. |
| Instytucja | Wyższa Szkoła Inżynierska w Koszalinie - Instytut Budownictwa Lądowego, |
| Wydział | Zakład Konstrukcji Betonowych |
| 700 ## - HASŁO DODATKOWE - NAZWA OSOBOWA | |
| Nazwa osobowa | SZYSZKO, Adam. |
| Lata pracy | 1974 - 1984. |
| Instytucja | Wyższa Szkoła Inżynierska w Koszalinie - Instytut Budownictwa Lądowego, |
| Wydział | Zakład Konstrukcji Betonowych |
| 942 ## - HASŁO DODATKOWE - ELEMENTY(KOHA) | |
| Typ dokumentu | Materiały nieopublikowane |
| Schemat klasyfikacji | Uniwersalna klasyfikacja dziesiętna |
| Wycofany | Zagubiony | Uszkodzony | Dostępność | Lokalizacja stała | Lokalizacja bieżąca | Sygnatura | Typ dokumentu |
|---|---|---|---|---|---|---|---|
| Dostępny | Bibliografia Prac Pracowników - BPK | Bibliografia Prac Pracowników - BPK | NB-70/I | Materiały nieopublikowane |
